A-Z Geography: containing "Las" - Statistics

General Stats
  • This quiz has been taken 13 times
  • The average score is 5 of 26
Answer Stats
Clue Place % Correct
D Texan city (6) Dallas
85%
L Gambling mecca in Nevada (8) Las Vegas
85%
G Scottish city (7) Glasgow
77%
A Region of the world comprising the south-west part of Oceania (11 letters) Australasia
54%
B City of Burkina Faso with endless clarinet during the day; I owe you a rope (13) Bobo-Dioulasso
15%
C Friendly greeting in town of Pakistan (6) Chilas
15%
N Town in the east of Portugal (5) Nelas
15%
F Suburb of Dublin where a verb ending is often used (7) Finglas
15%
I Ghost town in Missouri whose name is an acronym of cement components: iron, lime, aluminum, silica, plus two other elements (6) Ilasco
15%
K Pirate's sword heard in overtime, in town in northern Russia (6) Kotlas
15%
P Chilean town, translated as "father the houses" (13) Padre Las Casas
15%
Q Articles 9 and 1 pertain to Azeri village (8) Qalaşıxı
15%
S A place for breaking shoulder blades in Guatemala (9) Sacapulas
15%
T A town in Turkey (5) Talas
15%
W Wall that's easy to smash down on Merseyside (8) Wallasey
15%
X Just say yes to this timber merchants' yard in Aspropirgos, near Athens (5) XYLAS
15%
H Give you a feather in a town of Ecuador (10) Huaquillas
8%
U Island which appears not to be in the Last Frontier, but actually is (8) Unalaska
8%
V Footballer is not as ill as is resident of this Philippines town (8) Villasis
8%
Y Welsh village whose nice appearance is deceptive (7) Ynyslas
8%
R I'm in Germany, to sing in the centre of Kiel, a warbling composition in E minor (21) Rielasingen-Worblingen
0%
E Southern joke you make in Guatemalan town (10) Esquipulas
0%
J Indian town in which I agree and confirm a 2000, a 5 and a 50 as a deposit (14) Jiyyammavalasa
0%
M The French who appear at one end of large Philippine municipality (9) Malasiqui
0%
O Wisconsin town which lies on another U.S. state (8) Onalaska
0%
Z Hungary, unfortunately, has relaxation time but ends up in the dirt (13) Zalaszentgrót
0%
No matching quizzes found
Score Distribution
Percent of People with Each Score
Percentile by Number Answered
Your Score History
You have not taken this quiz